| 000 | 01623nam a2200289 i 4500 | ||
|---|---|---|---|
| 003 | DO-SdBNP | ||
| 005 | 20250714113232.0 | ||
| 007 | ta | ||
| 008 | 250714b2025 dr |||er ||| 00| 0 spa d | ||
| 020 | _a9789945509564 | ||
| 040 |
_aDO-SdBNP _bspa _cBNPHU _erda |
||
| 041 | _aspa | ||
| 082 | 4 |
_axxxxx _bF316 _222 |
|
| 100 |
_aFéliz Lafontaine, Ana _eautora _4aut. _988349 |
||
| 245 | 1 | 0 |
_aRacismo y poder en la narrativa política dominicana / _cAna Féliz Lafontaine |
| 264 | 1 |
_aSanto Domingo : _bFundación Friedrich Ebert Stiftung, _c2025. |
|
| 300 |
_a8 páginas _c30 cm. |
||
| 336 |
_atexto _btxt _2rdacontent |
||
| 337 |
_asin mediación _bn _2rdamedia |
||
| 338 |
_avolumen _bnc _2rdacurrier |
||
| 490 | 1 | _aAnálisis ; | |
| 500 | _aIncluye datos biografícos de la autora en la página 8 | ||
| 520 | _aEste artículo tiene como objetivo principal exponer el contenido racista del discurso político dominicano moderno y sus raíces históricas, atendiendo, por un lado, a los marcos de las ideologías lingüísticas analizadas para el caso dominicano por Juan Valdez, quien muestra que las formas lingüísticas se vincularon a categorías raciales y culturales en el discurso político dominicano. Por otro lado, el artículo relaciona las narraciones sobre el racismo con las dinámicas de poder desarrolladas por Foucault en su último seminario (1976), recogido en “Defender la sociedad”, donde se dedica una especial atención a la genealogía del racismo como parte constitutiva de la fundación del Estado moderno. | ||
| 590 | _aInventariado, 2025/ YL | ||
| 910 | _aYLockward | ||
| 942 |
_2ddc _cLF2 |
||
| 999 |
_c59528 _d59528 |
||